000 00638nam a2200193Ii 4500
003 JO-AjNU
008 230605s9999||||xx |||||||||||||| ||und||
040 _aJO-AjNU
_bara
_erda
_cJO-AjNU
041 _aara
050 1 4 _aRJ101 1999
100 3 _aالديواني، خليل مصطفى,
_eauthor
_917665
245 0 0 _aصحة الطفل
264 3 1 _aالقاهرة: الهيئة العامة لقصور الثقافة، 1999
300 _a299ص
336 _atext
_btxt
_2rdacontent
337 _aunmediated
_bn
_2rdamedia
338 _avolume
_bnc
_2rdacarrier
650 4 _aرعاية الطفولة -الخدمات الصحية
_917666
999 _aA5506
_c9074
_d9074